Central Library OPAC University of Rajshahi

মুসলিম বাংলায় বিদেশী পর্যটক / (Record no. 55995)

MARC details
000 -LEADER
fixed length control field 00842nam a2200241 a 4500
001 - CONTROL NUMBER
control field 55995
003 - CONTROL NUMBER IDENTIFIER
rucl marc code BD-RjUL
005 - DATE AND TIME OF LATEST TRANSACTION
control field 20211209080336.0
008 - FIXED-LENGTH DATA ELEMENTS--GENERAL INFORMATION
fixed length control field 161124s1968 bg ||||| |||| 00| 0 ben d
020 ## - INTERNATIONAL STANDARD BOOK NUMBER
Terms of availability : TK 3.50
035 ## - SYSTEM CONTROL NUMBER
System control number (BD-RjUL)56119
040 ## - CATALOGING SOURCE
Original cataloging agency BD-RjUL
Language of cataloging ben
Transcribing agency BD-RjUL
041 ## - LANGUAGE CODE
Language code of text/sound track or separate title ben
082 ## - DEWEY DECIMAL CLASSIFICATION NUMBER
Edition number 23
Classification number 915
Author mark and year AHM 1968
100 ## - MAIN ENTRY--PERSONAL NAME
Personal name আহমদ, ওয়াকিল
9 (RLIN) 117617
245 10 - TITLE STATEMENT
Title মুসলিম বাংলায় বিদেশী পর্যটক /
Statement of responsibility, etc. ওয়াকিল আহমদ
250 ## - EDITION STATEMENT
Edition statement ১ম সং .
260 ## - PUBLICATION, DISTRIBUTION, ETC. (IMPRINT)
Place of publication, distribution, etc. ঢাকা :
Name of publisher, distributor, etc. নওরোজ কিতাবিস্তান,
Date of publication, distribution, etc. ১৯৬৮
300 ## - PHYSICAL DESCRIPTION
Pagination ১৩০ পৃ. ;
Size ২১ সেমি .
650 ## - SUBJECT ADDED ENTRY--TOPICAL TERM
Topical term or geographic name as entry element এশিয়া ভ্রমণ
9 (RLIN) 165234
Topical term or geographic name as entry element Travel In asia
9 (RLIN) 165235
942 ## - ADDED ENTRY ELEMENTS (KOHA)
Source of classification or shelving scheme Dewey Decimal Classification
Koha item type Books
Holdings
Lost status Source of classification or shelving scheme Damaged status Not for loan Collection code Permanent Location Current Location Shelving location Date acquired Source of acquisition Cost, normal purchase price Total Checkouts Full call number Date last seen Copy number Koha item type
  Dewey Decimal Classification     Non-fiction Central Library, University of Rajshahi Central Library, University of Rajshahi   02/07/1968 Nawroge kitabstan, Dhaka 3.50   B 915 AHM 1968 24/11/2016 C-2 Books